ბათუმის შოთა რუსთაველის სახელმწიფო უნივერსიტეტის ბიბლიოთეკა

კრი­ტი­კუ­ლი მე­გობ­რის მიდ­გო­მა : (ბიბ.ჩანაწერი № 60473)

000 -ლიდერი
ფიქსირებული სიგრძის საკონტროლო ველი 02665nam a22002177a 4500
003 - საკონტროლო ნომრის იდენტიფიკატორი
საკონტროლო ველი Ge_BSU
005 - ბოლო ოპერაციის თარიღი და დრო
საკონტროლო ველი 20230728114534.0
008 - ფიქსირებული სიგრძის მონაცემთა ელემენტები - ზოგადი ინფორმაცია
ფიქსირებული სიგრძის საკონტროლო ველი 230728s2020ge xxu||||| |||| 00| 0 geo d
041 ## - ენის კოდი
Language code of text/sound track or separate title geo
080 ## - უნივერსალური ათობითი კლასიფიკაციის ინდექსი
Universal Decimal Classification number 378.18 კ-84
245 ## - ცნობა სათაურის შესახებ
Title კრი­ტი­კუ­ლი მე­გობ­რის მიდ­გო­მა :
Remainder of title [გზამკვლევი ] /
Statement of responsibility, etc სოფიკო ლობჟანიძე, ეკა ტყავაშვილი, მარიკა კირვალიძე, [და სხვ]
264 ## - წარმოების, გამოცემის, დისტრიბუციის და სხვა ცნობები
გამოცემის, წარმოების, დისტრიბუციის... ადგილი თბილისი:
გამოცემის, წარმოების, დისტრიბუციის... სახელწოდება [გ.გ.]
გამოცემის, წარმოების, დისტრიბუციის... თარიღი 2020.
300 ## - ფიზიკური აღწერა
Extent 39 გვერდი :
Other physical details ცხრილები ;
Dimensions 26 სმ.
653 ## - INDEX TERM--UNCONTROLLED
Uncontrolled term კრი­ტი­კუ­ლი მე­გობ­რის" მიდ­გო­მის თეორიული და პრაქტიკული საფუძვლები -- უკუკავშირის როლი "კრი­ტი­კუ­ლი მე­გობ­რის" მიდ­გო­მაში -- უკუკავშირის ძირითადი პრინციპები "კრი­ტი­კუ­ლი მე­გობ­რის" მიდ­გო­მის ეფექტიანობისთვის -- უმაღლეს საგანმანათლებლო დაწესებულებებში კრიტიკული მეგობრის მნიშვნელობა -- "კრიტიკული მეგობრის" მიდგომით მუშაობის თანმიმდევრული ნაბიჯები -- კრიტიკული მეგობრის ფარგლებში გამოსაყენებელი ინსტრუმენტები -- "კრიტიკული მეგობრის" მიდგომაში ტექნოლოგიის ინტეგრირება -- "კრიტიკული მეგობრის" მიდგომის პილოტირების შედეგები -- დანართები.
653 ## - INDEX TERM--UNCONTROLLED
Uncontrolled term კრი­ტი­კუ­ლი მე­გობ­რის მიდ­გო­მა -- განათლება -- გზამკვლევი
653 ## - INDEX TERM--UNCONTROLLED
Uncontrolled term Critical friend approach -- Education -- Guidebook
700 ## - ADDED ENTRY--PERSONAL NAME
Personal name ლობჟანიძე, სოფიკო , (ავტორი.)
9 (RLIN) 2574
700 ## - ADDED ENTRY--PERSONAL NAME
Personal name ტყავაშვილი, ეკა , (ავტორი.)
9 (RLIN) 19552
700 ## - ADDED ENTRY--PERSONAL NAME
Personal name კირვალიძე, მარიკა (ავტორი.) და სხვ
9 (RLIN) 19553
942 ## - ADDED ENTRY ELEMENTS (KOHA)
Source of classification or shelving scheme
Koha item type წიგნი
ეგზემპლარები
ჩამოწერის სტატუსი დაკარგული ეგზემპლარის სტატუსი კლასიფიკაციის წყარო ან თაროზე გაწყობის სქემა დაზიანების სტატუსი არ გაიცემა მუდმივი მდებარეობა (დაცვის ადგილი) ამჟამინდელი ადგილსამყოფელი თაროზე განთავსების ადგილი შეძენის თარიღი ღირებულება, შესყიდვის ნორმალური ფასი სრული შენახვის შიფრი შტრიხკოდი ბოლო ოპერაციის თარიღი ეგზემპლარის მიმდევრობითი ნომერი (კეტერი?) ფასის ძალაში შესვლის თარიღი ეგზემპლარის სახეობა საჯარო შენიშვნა
          ბათუმის შოთა რუსთაველის სახელმწიფო უნივერსიტეტის მთავარი ბიბლიოთეკა პროფესიული პროგრამების მართვის და უწყვეტი განათლების ცენტრის ბიბლიოთეკა წიგნსაცავი 2023-07-28 4.00 378.18 კ-84 65053 2023-07-28 65053 2023-07-28 წიგნი 4.00
          ბათუმის შოთა რუსთაველის სახელმწიფო უნივერსიტეტის მთავარი ბიბლიოთეკა პროფესიული პროგრამების მართვის და უწყვეტი განათლების ცენტრის ბიბლიოთეკა წიგნსაცავი 2023-07-28 4.00 378.18 კ-84 65054 2023-07-28 65054 2023-07-28 წიგნი 4.00